[Event "ROM-chT (Women)"]
[Site "Brasov"]
[Date "2011.10.12"]
[Round "5.1"]
[White "Cosma, Elena Luminita"]
[Black "Tolgyi, Viorica"]
[Result "1-0"]
[WhiteElo "2331"]
[BlackElo "2060"]
[PlyCount "117"]
[EventDate "2011.10.08"]
[EventType "team-tourn"]
[EventRounds "9"]
[EventCountry "ROU"]
[SourceTitle "CBM 144 Extra"]
[Source "ChessBase"]
[SourceDate "2011.10.28"]
[SourceVersion "1"]
[SourceVersionDate "2011.10.28"]
[SourceQuality "1"]
[WhiteTeam "Bucharest Apa Nova (W)"]
[BlackTeam "Arad (W)"]
[WhiteTeamCountry "ROU"]
[BlackTeamCountry "ROU"]

1. d4 c6 2. Nf3 g6 3. g3 Bg7 4. Bg2 Nf6 5. 0-0 0-0 6. b3 d5 7. c4 Bf5 8. Nc3 dxc4 9. bxc4 Nbd7 10. Bb2 Nb6 11. c5 Nc4 12. Qb3 Nxb2 13. Qxb2 b5 14. cxb6 Qxb6 15. Qxb6 axb6 16. Ne5 Ra3 17. Rac1 c5 18. Nc4 Ra6 19. d5 b5 20. Nxb5 Rxa2 21. Nc3 Rc2 22. e4 Rxc3 23. Rxc3 Nxe4 24. Re3 Nd6 25. Ne5 e6 26. Rd1 exd5 27. Bxd5 c4 28. Nxc4 Nxc4 29. Bxc4 Rc8 30. Bb3 Bh6 31. Re7 Rb8 32. Bd5 Rd8 33. Bb3 Rxd1+ 34. Bxd1 Kf8 35. Ra7 Be6 36. Ra8+ Kg7 37. f4 g5 38. fxg5 Bxg5 39. Bf3 Be3+ 40. Kg2 h6 41. Ra5 Bd2 42. Rb5 Bg5 43. Bd5 Bxd5+ 44. Rxd5 Bc1 45. Rd6 Bg5 46. Kf3 Bc1 47. Ke4 Ba3 48. Rc6 Bb2 49. Kf5 Ba3 50. Ke5 Bb2+ 51. Kd6 Ba3+ 52. Kd7 Bb4 53. Ke8 f6 54. Rc4 Bd2 55. Ke7 h5 56. Ke6 Kg6 57. Rc8 f5 58. Rg8+ Kh7 59. Rf8 1-0

[Event "ROM-chT (Women)"]
[Site "Brasov"]
[Date "2011.10.10"]
[Round "3.1"]
[White "Peptan, Corina Isabela"]
[Black "Tolgyi, Viorica"]
[Result "1-0"]
[WhiteElo "2421"]
[BlackElo "2060"]
[PlyCount "51"]
[EventDate "2011.10.08"]
[EventType "team-tourn"]
[EventRounds "9"]
[EventCountry "ROU"]
[SourceTitle "CBM 144 Extra"]
[Source "ChessBase"]
[SourceDate "2011.10.28"]
[SourceVersion "1"]
[SourceVersionDate "2011.10.28"]
[SourceQuality "1"]
[WhiteTeam "Bucharest CSM (W)"]
[BlackTeam "Arad (W)"]
[WhiteTeamCountry "ROU"]
[BlackTeamCountry "ROU"]

1. e4 c6 2. c4 d6 3. d4 Nf6 4. Nc3 g6 5. g3 Bg7 6. Bg2 0-0 7. Nge2 Nbd7 8. 0-0 Nb6 9. b3 Bd7 10. h3 Qc7 11. Be3 Rad8 12. Qc2 Qc8 13. c5 dxc5 14. dxc5 Na8 15. Kh2 e5 16. f4 exf4 17. Bxf4 Rfe8 18. Bg5 Re6 19. e5 Rxe5 20. Bxf6 Bxf6 21. Rxf6 Rxc5 22. Rd6 Bf5 23. Rxd8+ Qxd8 24. Rd1 Qe7 25. Qd2 Nb6 26. Nd4 1-0